| 000 | 00717nam a2200253 a 4500 | ||
|---|---|---|---|
| 008 | |||
| 020 | _a087901394X (hbk. ) | ||
| 049 | _aMAIN | ||
| 090 | _aQH308.2 CUR | ||
| 100 | 1 | _aCurtis, Helena. | |
| 245 | 1 | 0 |
_aBiology / _cHelena Curtis, N. Sue Barnes. |
| 250 | _a5th ed. | ||
| 260 |
_aNew York : _bWorth Publishers, _c1989. |
||
| 300 |
_axxvii, 1192, [87] p. : _bill. (some col.) ; _c29 cm. |
||
| 500 | _aIncludes index. | ||
| 504 | _aIncludes bibliographical references. | ||
| 650 | 0 | _aBiology. | |
| 700 | 1 | _aBarnes, N. Sue. | |
| 907 |
_a.b10248043 _b12-07-07 _c05-07-07 |
||
| 003 | |||
| 005 | 20230123134458.0 | ||
| 040 | _cNUST | ||
| 942 |
_cBOOKS _kQH308.2 CUR |
||
| 999 |
_c166633 _d166633 |
||